Về vấn đề nhà nước và pháp luật
Sách gồm một số bài viết và bài nói của chủ tịch Hồ Chí Minh về nhà nước và pháp luật từ năm 1919 đến năm 1969.
Wedi'i Gadw mewn:
| Prif Awdur: | |
|---|---|
| Fformat: | Llyfr |
| Iaith: | Undetermined |
| Cyhoeddwyd: |
Hà Nội
Chính trị Quốc gia
2010
|
| Pynciau: | |
| Tagiau: |
Ychwanegu Tag
Dim Tagiau, Byddwch y cyntaf i dagio'r cofnod hwn!
|
| Thư viện lưu trữ: | Trung tâm Học liệu Trường Đại học Cần Thơ |
|---|
| LEADER | 00874nam a2200217Ia 4500 | ||
|---|---|---|---|
| 001 | CTU_159797 | ||
| 008 | 210402s9999 xx 000 0 und d | ||
| 020 | |c 114000 | ||
| 082 | |a 342.597 | ||
| 082 | |b M312 | ||
| 100 | |a Hồ, Chí Minh | ||
| 245 | 0 | |a Về vấn đề nhà nước và pháp luật | |
| 245 | 0 | |c Hồ Chí Minh | |
| 260 | |a Hà Nội | ||
| 260 | |b Chính trị Quốc gia | ||
| 260 | |c 2010 | ||
| 520 | |a Sách gồm một số bài viết và bài nói của chủ tịch Hồ Chí Minh về nhà nước và pháp luật từ năm 1919 đến năm 1969. | ||
| 650 | |a Constitutions,Hiến pháp,Administrative agencies,Cơ quan hành chính | ||
| 650 | |z Vietnam,Việt Nam,Vietnam,Việt Nam | ||
| 904 | |i Trọng Hải | ||
| 980 | |a Trung tâm Học liệu Trường Đại học Cần Thơ | ||